header

The head beneath the altar : (Record no. 85341)

MARC details
000 -LEADER
fixed length control field 01894nam a2200421 i 4500
001 - CONTROL NUMBER
control field ebr10822244
003 - CONTROL NUMBER IDENTIFIER
control field CaPaEBR
006 - FIXED-LENGTH DATA ELEMENTS--ADDITIONAL MATERIAL CHARACTERISTICS--GENERAL INFORMATION
fixed length control field m o d
007 - PHYSICAL DESCRIPTION FIXED FIELD--GENERAL INFORMATION
fixed length control field cr cn|||||||||
008 - FIXED-LENGTH DATA ELEMENTS--GENERAL INFORMATION
fixed length control field 130705t20142014miu ob 001 0deng|d
020 ## - INTERNATIONAL STANDARD BOOK NUMBER
Cancelled/invalid ISBN 9781611861167 (pbk. : alk. paper)
International Standard Book Number 9781609174064 (e-book)
040 ## - CATALOGING SOURCE
Original cataloging agency CaPaEBR
Language of cataloging eng
Description conventions rda
-- pn
Transcribing agency CaPaEBR
035 ## - SYSTEM CONTROL NUMBER
System control number (OCoLC)870841442
050 14 - LIBRARY OF CONGRESS CALL NUMBER
Classification number BL1216
Item number .C65 2014eb
082 04 - DEWEY DECIMAL CLASSIFICATION NUMBER
Classification number 294.5/34
Edition number 23
100 1# - MAIN ENTRY--PERSONAL NAME
Personal name Collins, Brian
Fuller form of name (Brian H.)
245 14 - TITLE STATEMENT
Title The head beneath the altar :
Remainder of title Hindu mythology and the critique of sacrifice /
Statement of responsibility, etc Brian Collins.
264 #1 - PRODUCTION, PUBLICATION, DISTRIBUTION, MANUFACTURE, AND COPYRIGHT NOTICE
Place of production, publication, distribution, manufacture East Lansing :
Name of producer, publisher, distributor, manufacturer Michigan State University Press,
Date of production, publication, distribution, manufacture, or copyright notice [2014]
Date of production, publication, distribution, manufacture, or copyright notice �2014
300 ## - PHYSICAL DESCRIPTION
Extent 1 online resource (321 pages).
336 ## - CONTENT TYPE
Content type term text
Source rdacontent
337 ## - MEDIA TYPE
Media type term computer
Source rdamedia
338 ## - CARRIER TYPE
Carrier type term online resource
Source rdacarrier
490 1# - SERIES STATEMENT
Series statement Studies in violence, mimesis, and culture series
504 ## - BIBLIOGRAPHY, ETC. NOTE
Bibliography, etc Includes bibliographical references and index.
588 ## - SOURCE OF DESCRIPTION NOTE
Source of description note Description based on print version record.
590 ## - LOCAL NOTE (RLIN)
Local note Electronic reproduction. Palo Alto, Calif. : ebrary, 2014. Available via World Wide Web. Access may be limited to ebrary affiliated libraries.
600 10 - SUBJECT ADDED ENTRY--PERSONAL NAME
Personal name Girard, Ren�e,
Dates associated with a name 1923-
650 #0 - SUBJECT ADDED ENTRY--TOPICAL TERM
Topical term or geographic name as entry element Hindu mythology.
Topical term or geographic name as entry element Sacrifice
General subdivision Hinduism.
Topical term or geographic name as entry element Violence
General subdivision Religious aspects
-- Hinduism.
655 #0 - INDEX TERM--GENRE/FORM
Genre/form data or focus term Electronic books.
776 08 - ADDITIONAL PHYSICAL FORM ENTRY
Display text Print version:
Main entry heading Collins, Brian.
Title Head beneath the altar : Hindu mythology and the critique of sacrifice.
Place, publisher, and date of publication East Lansing : Michigan State University Press, [2014]
Physical description x, 310 pages
Series data for related item Studies in violence, mimesis, and culture series
International Standard Book Number 9781611861167
Record control number (DLC) 2013020462
797 2# - LOCAL ADDED ENTRY--CORPORATE NAME (RLIN)
Corporate name or jurisdiction name as entry element ebrary.
830 #0 - SERIES ADDED ENTRY--UNIFORM TITLE
Uniform title Studies in violence, mimesis, and culture.
856 40 - ELECTRONIC LOCATION AND ACCESS
Uniform Resource Identifier <a href="http://site.ebrary.com/lib/rucke/Doc?id=10822244">http://site.ebrary.com/lib/rucke/Doc?id=10822244</a>
Public note An electronic book accessible through the World Wide Web; click to view

No items available.

© 2026 Rongo University
Contact us: librarian | system librarian | Rongo university